000 00990 a2200181 4500
008 120119t xxu||||| |||| 00| 0 eng d
020 _a0787983055
050 _aHD57.7
_b.P73 2007
245 _aThe practice of leadership:
_bdeveloping the next generation of leaders/
_cedited by Jay A. Conger and Ronald E. Riggio
260 _bJossey-Bass
_c2007
_aSan Francisco
_aCalifornia
300 _axvii, 402p.
500 _aIncludes bibliographic references and index
650 _2Leadership
942 _cBK
_2lcc
999 _c40049
_d40049